|
|
|
|
| LEADER |
01735nam a22003854a 4500 |
| 001 |
4504 |
| 003 |
BD-DhAAL |
| 005 |
20240604145945.0 |
| 008 |
150204r2001 enk b 000 0 eng |
| 010 |
|
|
|a 2001056878
|
| 020 |
|
|
|a 1842771086 (Hb : Zed Books)
|
| 020 |
|
|
|a 1842771094 (Pb : Zed Books)
|
| 040 |
|
|
|a DLC
|c DLC
|d DLC
|d BD-DhAAL
|
| 042 |
|
|
|a pcc
|
| 050 |
0 |
0 |
|a T211
|b .S54 2001b
|
| 082 |
0 |
0 |
|a 346.04/86
|2 21
|
| 100 |
1 |
|
|a Shiva, Vandana.
|9 7909
|
| 240 |
1 |
0 |
|a Patents
|
| 245 |
1 |
0 |
|a Protect or plunder? :
|b understanding intellectual property rights /
|c Vandana Shiva.
|
| 260 |
|
|
|a London ;
|a New York :
|b Zed Books ;
|a Dhaka :
|b University Press ;
|a Bangkok :
|b White Lotus Co. ;
|a Halifax, N.S. :
|b Fernwood Pub. ;
|a Cape Town :
|b D. Philip :
|b Distributed in the USA exclusively by Palgrave,
|c 2001.
|
| 300 |
|
|
|a 146 pages ;
|c 20 cm.
|
| 490 |
1 |
|
|a A global issues title
|
| 500 |
|
|
|a Originally published: Patents. New Delhi : Penguin, 2001.
|
| 504 |
|
|
|a Includes bibliographical references (p. [143]-146).
|
| 541 |
|
|
|a BRAC University
|e 4504
|
| 650 |
|
0 |
|a Patents.
|9 7910
|
| 650 |
|
0 |
|a Biotechnology
|x Patents.
|9 7911
|
| 650 |
|
0 |
|a Plants, Cultivated
|x Patents.
|9 7912
|
| 650 |
|
0 |
|a Patents (International law)
|9 7913
|
| 650 |
|
0 |
|a Intellectual property (International law)
|9 7914
|
| 830 |
|
0 |
|a Global issues series (Zed Books)
|9 7915
|
| 942 |
|
|
|2 ddc
|c BK
|
| 999 |
|
|
|c 33575
|d 33575
|
| 952 |
|
|
|0 0
|1 0
|2 ddc
|4 0
|6 346_048600000000000_SHI
|7 0
|9 52449
|a SCL
|b SCL
|c GEN
|d 2015-02-04
|g 350.00
|l 0
|o 346.0486 SHI
|p 3020004504
|r 2015-02-04
|t 1
|w 2015-02-04
|y BK
|
| 952 |
|
|
|0 0
|1 0
|2 ddc
|4 0
|6 346_048600000000000_SHI
|7 0
|9 75603
|a BRACUL
|b BRACUL
|c GEN
|d 2024-06-04
|e BRAC University
|g 350.00
|l 0
|o 346.0486 SHI
|p 3010017044
|r 2024-06-04
|t 2
|w 2024-06-04
|y BK
|x BRAC University
|